Statistics for World Cities by Airport Code - #5

Click here to take the quiz!

General Stats

  • This quiz has been taken 19 times
  • The average score is 10 of 15

Answer Stats

HintAnswer% Correct
OSLOslo
100%
VIEVienna
100%
BRUBrussels
94%
HELHelsinki
94%
NBONairobi
76%
CGNCologne
71%
EDIEdinburgh
65%
KWIKuwait City
65%
SJUSan Juan
59%
YVRVancouver
59%
EZEBuenos Aires
53%
PERPerth
53%
SLCSalt Lake City
53%
CLTCharlotte
47%
CGKJakarta
35%

Score Distribution

Percentile by Number Answered

Percent of People with Each Score

Your Score History

You have not taken this quiz